|
|
|
|
| LEADER |
00000cam a2200000 7i4500 |
| 001 |
0000002320 |
| 005 |
20050627.0 |
| 040 |
|
|
|a INS
|
| 090 |
0 |
0 |
|a JS344.E4
|b P58 1986
|
| 245 |
1 |
0 |
|a Planning with the small computer
|c ed. Mathew E. MacIver & Jan Schreiber
|
| 260 |
|
|
|a Boston :
|b Oelgeschlager, Gunn & Hain ,
|c 1986
|
| 300 |
|
|
|a xivp :
|b 168 p ;
|c 22cm.
|
| 650 |
0 |
0 |
|a Local government
|x United States data processing
|
| 650 |
0 |
0 |
|a Micro computers
|
| 700 |
1 |
|
|a Maciver, Mathew
|
| 700 |
1 |
|
|a Schreiber, Jan 1941
|
| 710 |
1 |
|
|a Lincoln Institute of Land Policy
|
| 999 |
|
|
|a 0000003879
|b BOOK
|c Open Shelf
|e Default branch
|